000 00689nam a22002657a 4500
001 BR7805484
003 BR-BrBNA
005 20230928085710.0
007 ta
008 230509b bl.||||| |||| 00| 0 por d
040 _aBR-BrBNA
_bpor
_cBiblioteca Nacional de Agricultura
041 _a(Por)
072 _aQ20
090 _ Q20 BR7805484
100 1 _aDubois, R.
245 1 _aAlimentos de origem animal e doencas transmissiveis
260 3 _aBrasilia, DF (Brasil):
_c1978.
300 _a18 p.
650 _aToxicologia de alimento
650 _aAlimento animal
650 _aInspecao sanitaria
650 _aZoonose
909 _a202309
_bLucia
_c55
_dLucia Elande
942 _cBK
999 _c25846
_d25846